| 000 | 02820cam a2200361 i 4500 | ||
|---|---|---|---|
| 001 | 17779359 | ||
| 005 | 20141001134654.0 | ||
| 008 | 130613t20142014moua b 001 0 eng | ||
| 010 | _a 2013023843 | ||
| 020 | _a9781455733064 (pbk. : alk. paper) | ||
| 020 | _a1455733067 (pbk. : alk. paper) | ||
| 035 | _a(DNLM)101610377 | ||
| 040 |
_aDNLM/DLC _cDLC _erda _dDLC |
||
| 042 | _apcc | ||
| 050 | 0 | 0 |
_aRG 951 _b.M87 2014 |
| 060 | 1 | 0 | _aWY 157.3 |
| 082 | 0 | 0 | _a618.2/0231 |
| 100 | 1 |
_aMurray, Sharon Smith, _eauthor. |
|
| 245 | 1 | 0 |
_aFoundations of maternal-newborn and women's health nursing / _cSharon Smith Murray, MSN, Professor Emerita, Health Professions, Golden West College, Hungting Beach, California, Emily Slone Mckinney, MSN, RN, C, Nurse Educator and Consultant, Dallas, Texas. |
| 250 | _a6th edition. | ||
| 260 |
_aU.S.A : _bElseveir/Saunders, _cc2014. |
||
| 300 |
_axxviii, 852 pages : _bcolor illustrations ; _c28 cm |
||
| 504 | _aIncludes bibliographical references and index. | ||
| 505 | 0 | _aPt. 1. Foundations for nursing care of childbearing families -- Maternity and women's health care today -- The Nurse's Role in Maternity and Women's Health Care -- Ethical, social, and legal issues -- Reproductive anatomy and physiology -- Hereditary and environmental influences on childbearing -- Pt. 2. The family before birth -- Conception and prenatal development -- Physiologic adaptations to pregnancy -- Psychosocial adaptations to pregnancy -- Nutrition for childbearing -- Antepartum fetal assessment -- Perinatal education -- Pt. 3. The family during birth -- Processes of birth -- Nursing care during labor and birth -- Intrapartum fetal surveillance -- Pain management during childbirth -- Nursing care during obstetric procedures -- Pt. 4. -- The family following birth -- Postpartum physiologic adaptations -- Postpartum psychosocial adaptations -- Normal newborn: processes of adaptation -- Assessment of the normal newborn -- Care of the normal newborn -- Infant feeding -- Home care of the infant -- Pt. 5. Families at risk during the childbearing period -- The childbearing family with special needs -- Complications of pregnancy -- Concurrent disorders during pregnancy -- Intrapartum complications -- Postpartum maternal complications -- High-risk newborn: complications associated with gestational age and development -- High-risk newborn: acquired and congenital conditions -- Pt. 6. Women's health care -- Family planning -- Infertility -- Preventive care for women -- Women's health problems. | |
| 521 | _aNursing | ||
| 650 | 1 | 2 | _aMaternal-Child Nursing. |
| 650 | 2 | 2 | _aFamily Health. |
| 650 | 2 | 2 | _aWomen's Health. |
| 700 | 1 |
_aMcKinney, Emily Slone, _eauthor. |
|
| 906 |
_a7 _bcbc _corignew _d1 _eecip _f20 _gy-gencatlg |
||
| 942 |
_2lcc _cBK _kFOR |
||
| 999 |
_c275985 _d275985 |
||